[Event "80th ARM-ch 1st League 2019"]
[Site "Yerevan"]
[Date "2019.08.28"]
[Round "10.7"]
[White "Davtyan, Artur"]
[Black "Shahinyan, David"]
[Result "0-1"]
[WhiteElo "2440"]
[BlackElo "2452"]
[Annotator "TA"]
[PlyCount "92"]
[EventDate "2019.08.18"]
[EventType "tourn"]
[EventCountry "ARM"]
[SourceTitle "playchess.com"]
[Source "ChessBase"]
[SourceQuality "1"]

{[%evp 16,92,44,25,28,19,34,21,39,45,46,52,43,35,28,42,52,41,43,50,59,60,67,0,97,0,0,0,0,0,0,-42,-35,-125,-13,-70,-33,-68,-60,-55,-64,-64,-73,-59,-63,-229,-224,-489,-482,-501,-509,-731,-719,-716,-717,-724,-690,-672,-693,-729,-718,-810,-821,-914,-908,-908,-905,-973,-954,-4878,-1889,-5414,-1064,-29991,-29992,-29994,-29995,-29995,-29995]} 1. d4 Nf6 2. c4 c5 3. d5 e6 4. Nc3 exd5 5. cxd5 d6 6. e4 g6 7. f4 Bg7 8. Bb5+ Nfd7 9. a4 Na6 {A67: Modern Benoni: Taimanov Variation} (9... O-O 10. Nf3 Na6 11. O-O Nb4 12. Kh1 a6 13. Be2 Re8 14. f5 Nf6 15. Bg5 h6 16. Bxf6 Bxf6 17. fxg6 fxg6 18. Qd2 Bg7 19. h3 b6 20. Bc4 {1-0 (75) Sjugirov,S (2663)-Yilmaz,M (2636) St Petersburg 2018}) 10. Nf3 Nb4 11. O-O a6 {The position is equal.} 12. Be2 O-O 13. Be3 Re8 14. Bf2 f5 15. exf5 gxf5 16. Ng5 Nf8 17. Bh5 {Nf7 is the strong threat.} Re7 $146 ({Predecessor:} 17... Ng6 18. Qd2 Qf6 19. g3 h6 20. Ne6 Bxe6 21. dxe6 Rxe6 {1-0 (51) Pawlowski,W (2122)-Sutela,R (2320) ICCF email 2012}) 18. Bh4 {Threatens to win with Nf7.} Bf6 19. Re1 ({Better is} 19. g3 $14) 19... h6 {[#]} (19... Ng6 $11 20. Bxg6 hxg6) 20. Nf3 (20. Ne6 $1 $16 {[%cal Re6d8]} Rxe6 21. dxe6 Bxh4 22. Bf7+ Kg7 23. g3) 20... Bxh4 $11 21. Nxh4 Rg7 $1 $36 {[%mdl 2048] Black has the initiative.} 22. Nf3 Bd7 23. Re3 Nh7 24. Rb1 (24. Qe2 $15) 24... b5 (24... Nf6 $17 25. Nh4 c4) 25. Kh1 ({White should play} 25. Re6 $1 $11) 25... Re7 (25... Nf6 $5 {[%cal Rf6h5]} 26. Ne1 bxa4 $17) 26. Ne5 dxe5 27. fxe5 f4 28. Re2 Bf5 {Hoping for ...Nd3.} 29. d6 Re6 $1 ({Avoid the trap} 29... Bxb1 $2 30. dxe7 Qxd1+ 31. Nxd1 $18) 30. Nd5 $2 (30. Ra1 $15) 30... Bxb1 $19 31. Nxf4 $2 (31. Nxb4 {was forced.} cxb4 32. Qxb1) 31... Bf5 32. g4 {[#]} Bc2 $1 {[%mdl 64] Double Attack} 33. Qd2 (33. Rxc2 Rxe5) 33... Qd7 34. h4 Rf8 35. Kh2 {[#]} Rxf4 $1 36. Qxf4 Bg6 37. axb5 axb5 38. Qf3 Nf8 39. Rf2 Qg7 40. Bxg6 Nxg6 41. Qa8+ Kh7 42. h5 Qxe5+ 43. Kh3 Qe3+ {[%mdl 64] Double Attack} 44. Rf3 Nf4+ {Black mates.} 45. Kh2 {[#]} Qd2+ $1 46. Kg3 Qe1+ {Accuracy: White = 44%, Black = 59%.} 0-1

[Event "80th ARM-ch 1st League 2019"]
[Site "Yerevan"]
[Date "2019.08.29"]
[Round "11.1"]
[White "Khojayan, Vardan"]
[Black "Hayrapetyan, Hovik"]
[Result "1/2-1/2"]
[WhiteElo "2236"]
[BlackElo "2453"]
[Annotator "ChessBase"]
[PlyCount "85"]
[EventDate "2019.08.18"]
[EventType "tourn"]
[EventCountry "ARM"]
[SourceTitle "playchess.com"]
[Source "ChessBase"]
[SourceQuality "1"]
[TimeControl "40/5400+30:1800+30"]

1. Nf3 {[%emt 0:00:00]} d5 {[%emt 0:01:37]} 2. g3 {[%emt 0:00:05]} g6 {[%emt 0:00:38]} 3. Bg2 {[%emt 0:00:06]} Bg7 {[%emt 0:00:04]} 4. O-O {[%emt 0:00:26]} e5 {[%emt 0:00:03]} 5. d3 {[%emt 0:02:08]} Ne7 {[%emt 0:00:45]} 6. e4 {[%emt 0:04:21]} O-O {[%emt 0:00:29]} 7. exd5 {[%emt 0:02:03]} Nxd5 {[%emt 0:00:05]} 8. Re1 {[%emt 0:00:06]} Nc6 {[%emt 0:00:33]} 9. Nbd2 {[%emt 0:00:09]} Re8 {[%emt 0:02:09]} 10. c3 {[%emt 0:06:24]} Bf5 {[%emt 0:03:22]} 11. Ne4 {[%emt 0:00:40]} h6 {[%emt 0:00:10]} 12. Qc2 {[%emt 0:05:00]} b6 {[%emt 0:06:35]} 13. b4 {[%emt 0:04:38]} g5 {[%emt 0:20:04]} 14. b5 {[%emt 0:03:36]} Na5 {[%emt 0:02:18]} 15. Bd2 {[%emt 0:02:17]} c5 {[%emt 0:07:01]} 16. bxc6 {[%emt 0:09:15]} Nxc6 {[%emt 0:03:57]} 17. Rab1 {[%emt 0:04:36]} Nc7 {[%emt 0:05:09]} 18. h4 {[%emt 0:05:11]} g4 {[%emt 0:00:39]} 19. Nh2 {[%emt 0:00:05]} Qd7 {[%emt 0:09:32]} 20. f3 {[%emt 0:09:29]} gxf3 {[%emt 0:00:18]} 21. Bxf3 {[%emt 0:02:07]} Rad8 {[%emt 0:00:25]} 22. g4 {[%emt 0:01:28]} Bh7 {[%emt 0:01:34]} 23. g5 {[%emt 0:14:46]} Qxd3 {[%emt 0:03:08]} 24. Qxd3 {[%emt 0:00:13]} Rxd3 {[%emt 0:00:05]} 25. gxh6 {[%emt 0:00:14]} Bh8 {[%emt 0:19:15]} 26. Bg5 {[%emt 0:01:57]} Re6 {[%emt 0:00:25]} 27. Rbd1 {[%emt 0:01:13]} Rxd1 {[%emt 0:00:30]} 28. Rxd1 {[%emt 0:04:49]} Ne8 {[%emt 0:04:49]} 29. Rd7 {[%emt 0:03:25]} Bf5 {[%emt 0:00:01]} 30. Ng3 {[%emt 0:03:52]} e4 {[%emt 0:01:44]} 31. Nxf5 {[%emt 0:06:29]} exf3 {[%emt 0:00:04]} 32. Nxf3 {[%emt 0:00:25]} Bxc3 {[%emt 0:00:42]} 33. h5 {[%emt 0:00:25]} Ne5 {[%emt 0:06:31]} 34. Nxe5 {[%emt 0:01:00]} Rxe5 {[%emt 0:00:03]} 35. h7+ {[%emt 0:02:26]} Kxh7 {[%emt 0:00:04]} 36. Rxf7+ {[%emt 0:00:03]} Kg8 {[%emt 0:00:04]} 37. Nh6+ {[%emt 0:01:01]} Kh8 {[%emt 0:00:01]} 38. Nf5 {[%emt 0:00:56]} Kg8 {[%emt 0:02:37]} 39. Nh6+ {[%emt 0:00:05]} Kh8 {[%emt 0:00:03]} 40. Nf5 {[%emt 0:00:00]} Kg8 {[%emt 0:00:00]} 41. Nh6+ {[%emt 0:01:21]} Kh8 {[%emt 0:05:23]} 42. Nf5 {[%emt 0:02:05]} Kg8 {[%emt 0:02:53]} 43. Nh6+ {[%emt 0:00:10]} 1/2-1/2

[Event "80th ARM-ch 1st League 2019"]
[Site "Yerevan"]
[Date "2019.08.29"]
[Round "11.2"]
[White "Shahinyan, David"]
[Black "Harutjunyan, Gevorg"]
[Result "1-0"]
[WhiteElo "2452"]
[BlackElo "2455"]
[Annotator "ChessBase"]
[PlyCount "113"]
[EventDate "2019.08.18"]
[EventType "tourn"]
[EventCountry "ARM"]
[SourceTitle "playchess.com"]
[Source "ChessBase"]
[SourceQuality "1"]
[TimeControl "40/5400+30:1800+30"]

1. d4 {[%emt 0:00:26]} Nf6 {[%emt 0:00:01]} 2. Bf4 {[%emt 0:00:13]} c5 {[%emt 0:00:36]} 3. d5 {[%emt 0:03:06]} d6 {[%emt 0:00:14]} 4. Nc3 {[%emt 0:03:02]} e5 {[%emt 0:00:07]} 5. dxe6 {[%emt 0:01:18]} Bxe6 {[%emt 0:00:10]} 6. e4 {[%emt 0:00:37]} Nc6 {[%emt 0:00:23]} 7. Nf3 {[%emt 0:01:02]} Be7 {[%emt 0:05:16]} 8. Bd3 {[%emt 0:09:44]} O-O {[%emt 0:04:26]} 9. O-O {[%emt 0:01:41]} c4 {[%emt 0:06:03]} 10. Be2 {[%emt 0:00:10]} d5 {[%emt 0:00:10]} 11. exd5 {[%emt 0:11:54]} Nxd5 {[%emt 0:00:17]} 12. Nxd5 {[%emt 0:00:03]} Bxd5 {[%emt 0:02:57]} 13. Be3 {[%emt 0:04:29]} Bf6 {[%emt 0:06:48]} 14. c3 {[%emt 0:00:21]} b5 {[%emt 0:05:25]} 15. Qd2 {[%emt 0:06:21]} a6 {[%emt 0:10:35]} 16. Rfd1 {[%emt 0:05:32]} Be4 {[%emt 0:03:21]} 17. a4 {[%emt 0:05:21]} Qe7 {[%emt 0:03:49]} 18. Qd6 {[%emt 0:12:26]} Qxd6 {[%emt 0:04:36]} 19. Rxd6 {[%emt 0:00:34]} Rfd8 {[%emt 0:00:13]} 20. Rxd8+ {[%emt 0:02:09]} Rxd8 {[%emt 0:00:11]} 21. Nd2 {[%emt 0:00:25]} Bd5 {[%emt 0:02:08]} 22. axb5 {[%emt 0:01:18]} axb5 {[%emt 0:00:19]} 23. Ra6 {[%emt 0:00:07]} h6 {[%emt 0:02:08]} 24. h3 {[%emt 0:02:31]} Rb8 {[%emt 0:06:24]} 25. Bf4 {[%emt 0:08:16]} Be5 {[%emt 0:10:34]} 26. Bxe5 {[%emt 0:01:42]} Nxe5 {[%emt 0:00:07]} 27. f4 {[%emt 0:00:24]} Nd7 {[%emt 0:00:28]} 28. Ra5 {[%emt 0:04:31]} Nc5 {[%emt 0:03:47]} 29. g3 {[%emt 0:00:59]} Be6 {[%emt 0:11:06]} 30. g4 {[%emt 0:04:00]} Bd7 {[%emt 0:02:34]} 31. Ra7 {[%emt 0:00:56]} Rd8 {[%emt 0:00:44]} 32. Nf3 {[%emt 0:05:48]} Na4 {[%emt 0:00:18]} 33. Ne5 {[%emt 0:00:01]} Be8 {[%emt 0:00:27]} 34. Bf3 {[%emt 0:00:24]} Nxb2 {[%emt 0:01:20]} 35. Nc6 {[%emt 0:00:01]} Rd6 {[%emt 0:05:52]} 36. Ra8 {[%emt 0:02:03]} Kf8 {[%emt 0:00:10]} 37. Nd4 {[%emt 0:00:01]} Rxd4 {[%emt 0:02:44]} 38. cxd4 {[%emt 0:00:04]} Ke7 {[%emt 0:00:04]} 39. Kf2 {[%emt 0:01:41]} b4 {[%emt 0:00:57]} 40. Rb8 {[%emt 0:00:00]} b3 {[%emt 0:00:00]} 41. Ke3 {[%emt 0:10:11]} Bd7 {[%emt 0:08:02]} 42. Kd2 {[%emt 0:05:23]} Na4 {[%emt 0:02:32]} 43. Rb4 {[%emt 0:00:28]} c3+ {[%emt 0:02:27]} 44. Kd3 {[%emt 0:00:37]} b2 {[%emt 0:07:46]} 45. Bd1 {[%emt 0:00:39]} f5 {[%emt 0:01:35]} 46. Bxa4 {[%emt 0:01:23]} Bxa4 {[%emt 0:00:18]} 47. Kxc3 {[%emt 0:00:04]} fxg4 {[%emt 0:01:59]} 48. hxg4 {[%emt 0:00:03]} Bd1 {[%emt 0:00:15]} 49. g5 {[%emt 0:00:08]} h5 {[%emt 0:00:27]} 50. Rxb2 {[%emt 0:00:18]} Bg4 {[%emt 0:00:55]} 51. Rb7+ {[%emt 0:02:47]} Kf8 {[%emt 0:01:50]} 52. d5 {[%emt 0:00:25]} h4 {[%emt 0:00:06]} 53. Kd4 {[%emt 0:02:05]} h3 {[%emt 0:00:07]} 54. Ke5 {[%emt 0:00:26]} g6 {[%emt 0:01:00]} 55. Kf6 {[%emt 0:00:08]} Ke8 {[%emt 0:00:24]} 56. Kxg6 {[%emt 0:00:14]} Bf3 {[%emt 0:00:08]} 57. Rb8+ {[%emt 0:00:21]} 1-0

[Event "80th ARM-ch 1st League 2019"]
[Site "Yerevan"]
[Date "2019.08.29"]
[Round "11.3"]
[White "Harutyunian, Tigran K."]
[Black "Davtyan, Artur"]
[Result "0-1"]
[WhiteElo "2555"]
[BlackElo "2440"]
[Annotator "ChessBase"]
[PlyCount "86"]
[EventDate "2019.08.18"]
[EventType "tourn"]
[EventCountry "ARM"]
[SourceTitle "playchess.com"]
[Source "ChessBase"]
[SourceQuality "1"]
[TimeControl "40/5400+30:1800+30"]

1. Nf3 {[%emt 0:00:07]} d5 {[%emt 0:00:24]} 2. g3 {[%emt 0:00:31]} e6 {[%emt 0:00:08]} 3. Bg2 {[%emt 0:00:22]} Nf6 {[%emt 0:00:07]} 4. O-O {[%emt 0:00:09]} c5 {[%emt 0:00:06]} 5. d3 {[%emt 0:01:36]} Nc6 {[%emt 0:00:18]} 6. Bf4 {[%emt 0:03:53]} Be7 {[%emt 0:06:22]} 7. c4 {[%emt 0:07:09]} O-O {[%emt 0:01:17]} 8. Nc3 {[%emt 0:00:28]} d4 {[%emt 0:06:09]} 9. Nb5 {[%emt 0:00:54]} Nh5 {[%emt 0:04:12]} 10. Bd2 {[%emt 0:01:26]} e5 {[%emt 0:01:14]} 11. e3 {[%emt 0:09:43]} a6 {[%emt 0:08:43]} 12. Na3 {[%emt 0:01:57]} dxe3 {[%emt 0:02:46]} 13. Bxe3 {[%emt 0:02:02]} Nf6 {[%emt 0:02:03]} 14. Qb3 {[%emt 0:03:07]} Qc7 {[%emt 0:00:28]} 15. Nc2 {[%emt 0:04:33]} Bf5 {[%emt 0:05:50]} 16. Nh4 {[%emt 0:05:02]} Be6 {[%emt 0:00:16]} 17. f4 {[%emt 0:00:21]} Rad8 {[%emt 0:10:34]} 18. fxe5 {[%emt 0:07:42]} Ng4 {[%emt 0:02:25]} 19. Nf5 {[%emt 0:06:59]} Bxf5 {[%emt 0:13:34]} 20. Rxf5 {[%emt 0:00:38]} Nxe3 {[%emt 0:00:03]} 21. Nxe3 {[%emt 0:00:32]} Nd4 {[%emt 0:00:08]} 22. Qxb7 {[%emt 0:01:20]} Qxb7 {[%emt 0:00:13]} 23. Bxb7 {[%emt 0:00:05]} Nxf5 {[%emt 0:00:08]} 24. Nxf5 {[%emt 0:00:16]} Bg5 {[%emt 0:00:02]} 25. Rf1 {[%emt 0:27:42]} Rxd3 {[%emt 0:05:49]} 26. Bd5 {[%emt 0:00:05]} g6 {[%emt 0:00:53]} 27. Nd6 {[%emt 0:00:08]} Kg7 {[%emt 0:00:10]} 28. Ne4 {[%emt 0:01:08]} Be3+ {[%emt 0:01:13]} 29. Kg2 {[%emt 0:01:38]} Bd4 {[%emt 0:00:27]} 30. b3 {[%emt 0:01:45]} Re3 {[%emt 0:00:34]} 31. Kh3 {[%emt 0:02:48]} h5 {[%emt 0:05:54]} 32. Rf6 {[%emt 0:00:12]} Re2 {[%emt 0:00:33]} 33. Rf1 {[%emt 0:01:54]} Bxe5 {[%emt 0:02:08]} 34. Nxc5 {[%emt 0:03:49]} g5 {[%emt 0:02:12]} 35. Nd7 {[%emt 0:00:04]} g4+ {[%emt 0:13:57]} 36. Kh4 {[%emt 0:00:02]} Rxh2+ {[%emt 0:00:11]} 37. Kg5 {[%emt 0:00:01]} f6+ {[%emt 0:00:08]} 38. Kf5 {[%emt 0:00:05]} Re8 {[%emt 0:00:08]} 39. Nc5 {[%emt 0:00:56]} Re2 {[%emt 0:00:25]} 40. Ne6+ {[%emt 0:00:00]} Kh6 {[%emt 0:00:00]} 41. c5 {[%emt 0:01:38]} Bxg3 {[%emt 0:00:56]} 42. Bc4 {[%emt 0:02:06]} R8xe6 {[%emt 0:00:11]} 43. Bxe6 {[%emt 0:00:41]} Kg7 {[%emt 0:00:05]} 0-1

[Event "80th ARM-ch 1st League 2019"]
[Site "Yerevan"]
[Date "2019.08.29"]
[Round "11.4"]
[White "Sargsyan, Shant"]
[Black "Chaqryan, Erik"]
[Result "1-0"]
[WhiteElo "2540"]
[BlackElo "2105"]
[Annotator "ChessBase"]
[PlyCount "93"]
[EventDate "2019.08.18"]
[EventType "tourn"]
[EventCountry "ARM"]
[SourceTitle "playchess.com"]
[Source "ChessBase"]
[SourceQuality "1"]
[TimeControl "40/5400+30:1800+30"]

1. c4 {[%emt 0:00:53]} Nf6 {[%emt 0:00:00]} 2. Nc3 {[%emt 0:00:20]} g6 {[%emt 0:00:32]} 3. e4 {[%emt 0:00:34]} d6 {[%emt 0:00:05]} 4. d4 {[%emt 0:00:18]} Bg7 {[%emt 0:00:05]} 5. h3 {[%emt 0:00:35]} O-O {[%emt 0:00:08]} 6. Be3 {[%emt 0:00:05]} c5 {[%emt 0:02:08]} 7. d5 {[%emt 0:00:47]} e6 {[%emt 0:00:18]} 8. Nf3 {[%emt 0:01:14]} exd5 {[%emt 0:00:55]} 9. exd5 {[%emt 0:00:02]} Re8 {[%emt 0:00:37]} 10. Bd3 {[%emt 0:01:21]} Rxe3+ {[%emt 0:08:14]} 11. fxe3 {[%emt 0:00:13]} Qe7 {[%emt 0:00:03]} 12. O-O {[%emt 0:02:16]} Nfd7 {[%emt 0:01:11]} 13. Rf2 {[%emt 0:07:02]} Ne5 {[%emt 0:17:30]} 14. Nxe5 {[%emt 0:01:54]} Bxe5 {[%emt 0:00:04]} 15. Qd2 {[%emt 0:02:25]} Bd7 {[%emt 0:08:06]} 16. Raf1 {[%emt 0:05:19]} Be8 {[%emt 0:00:06]} 17. Bc2 {[%emt 0:03:28]} a6 {[%emt 0:18:43]} 18. Ba4 {[%emt 0:01:50]} Nd7 {[%emt 0:10:14]} 19. Bxd7 {[%emt 0:03:03]} Bxd7 {[%emt 0:00:02]} 20. Rxf7 {[%emt 0:00:54]} Qxf7 {[%emt 0:00:04]} 21. Rxf7 {[%emt 0:00:04]} Kxf7 {[%emt 0:00:04]} 22. Ne4 {[%emt 0:01:24]} b6 {[%emt 0:08:18]} 23. b4 {[%emt 0:01:04]} a5 {[%emt 0:00:10]} 24. bxc5 {[%emt 0:00:09]} bxc5 {[%emt 0:00:01]} 25. Ng5+ {[%emt 0:00:12]} Kg7 {[%emt 0:04:53]} 26. Nf3 {[%emt 0:00:09]} Bf6 {[%emt 0:01:02]} 27. e4 {[%emt 0:00:05]} a4 {[%emt 0:00:57]} 28. Qf4 {[%emt 0:00:14]} Ra6 {[%emt 0:00:10]} 29. e5 {[%emt 0:00:14]} dxe5 {[%emt 0:00:08]} 30. Nxe5 {[%emt 0:00:07]} Be8 {[%emt 0:00:02]} 31. Ng4 {[%emt 0:00:54]} Bd4+ {[%emt 0:00:47]} 32. Kh1 {[%emt 0:00:08]} Ra7 {[%emt 0:01:02]} 33. Qh6+ {[%emt 0:02:16]} Kg8 {[%emt 0:00:12]} 34. Qg5 {[%emt 0:00:08]} Kg7 {[%emt 0:01:18]} 35. Qd8 {[%emt 0:02:36]} Bf7 {[%emt 0:00:07]} 36. d6 {[%emt 0:00:12]} Rb7 {[%emt 0:00:55]} 37. d7 {[%emt 0:00:36]} h5 {[%emt 0:00:11]} 38. Qc8 {[%emt 0:03:37]} Rb1+ {[%emt 0:00:44]} 39. Kh2 {[%emt 0:00:01]} h4 {[%emt 0:18:29]} 40. g3 {[%emt 0:00:00]} Rb2+ {[%emt 0:00:00]} 41. Kh1 {[%emt 0:02:05]} hxg3 {[%emt 0:00:17]} 42. Qa8 {[%emt 0:00:27]} g2+ {[%emt 0:02:31]} 43. Qxg2 {[%emt 0:00:17]} Rb8 {[%emt 0:00:27]} 44. Qg3 {[%emt 0:00:53]} Rb1+ {[%emt 0:00:57]} 45. Kg2 {[%emt 0:00:17]} Rg1+ {[%emt 0:00:57]} 46. Kh2 {[%emt 0:00:12]} Rxg3 {[%emt 0:00:05]} 47. Kxg3 {[%emt 0:00:09]} 1-0

[Event "80th ARM-ch 1st League 2019"]
[Site "Yerevan"]
[Date "2019.08.29"]
[Round "11.5"]
[White "Baghdasaryan, Vahe"]
[Black "Gharibyan, Mamikon"]
[Result "0-1"]
[WhiteElo "2373"]
[BlackElo "2365"]
[Annotator "NA"]
[PlyCount "124"]
[EventDate "2019.08.18"]
[EventType "tourn"]
[EventCountry "ARM"]
[SourceTitle "playchess.com"]
[Source "ChessBase"]
[SourceQuality "1"]
[TimeControl "40/5400+30:1800+30"]

1. d4 {[%emt 0:00:00]} Nf6 {[%emt 0:00:03]} 2. Nc3 {[%emt 0:00:10]} d5 {[%emt 0:00:52]} 3. Bf4 {[%emt 0:00:22]} Bf5 {[%emt 0:08:48]} 4. f3 {[%emt 0:01:16]} h5 {[%emt 0:03:48]} 5. e4 {[%emt 0:12:24]} dxe4 {[%emt 0:05:18]} 6. fxe4 {[%emt 0:02:38]} Nxe4 {[%emt 0:06:47]} 7. Qf3 {[%emt 0:00:33]} Nxc3 $1 {[%emt 0:03:50]} ({Don't play} 7... Qxd4 $6 8. Rd1 $16) 8. bxc3 {[%emt 0:00:33]} Nd7 {[%emt 0:15:22]} 9. Qxb7 {[%emt 0:05:45]} e5 {[%emt 0:03:40]} 10. Bxe5 {[%emt 0:00:40]} Ba3 $15 {[%emt 0:16:57]} 11. Qf3 {[%emt 0:44:46]} Bg4 {[%emt 0:09:36]} 12. Qe4 {[%emt 0:04:41]} O-O {[%emt 0:01:22]} 13. Bd3 {[%emt 0:00:33]} g6 {[%emt 0:00:10]} 14. Ne2 {[%emt 0:04:35]} Nxe5 {[%emt 0:00:21]} 15. dxe5 {[%emt 0:00:10]} Qg5 {[%emt 0:02:19]} 16. h4 {[%emt 0:02:38]} Qe7 {[%emt 0:01:18]} 17. O-O {[%emt 0:04:17]} Rae8 {[%emt 0:03:34]} 18. Bc4 {[%emt 0:06:30]} Bf5 {[%emt 0:02:23]} 19. Rxf5 {[%emt 0:01:25]} gxf5 {[%emt 0:00:20]} 20. Qxf5 {[%emt 0:00:13]} Bc5+ {[%emt 0:01:17]} 21. Kf1 {[%emt 0:03:19]} Qxe5 {[%emt 0:01:16]} 22. Qg6+ {[%emt 0:00:06]} Qg7 {[%emt 0:00:08]} 23. Qxh5 {[%emt 0:00:12]} Qf6+ {[%emt 0:03:26]} 24. Qf3 {[%emt 0:00:07]} Qxh4 {[%emt 0:00:19]} 25. Qg3+ {[%emt 0:01:06]} Qxg3 {[%emt 0:00:08]} 26. Nxg3 {[%emt 0:00:02]} Re3 {[%emt 0:00:45]} 27. Ne2 {[%emt 0:00:13]} Re4 {[%emt 0:02:59]} 28. Bd5 {[%emt 0:00:29]} Rh4 {[%emt 0:00:46]} 29. g3 {[%emt 0:01:07]} Rh2 {[%emt 0:00:03]} 30. Rd1 {[%emt 0:02:50]} Re8 {[%emt 0:01:54]} 31. Rd2 {[%emt 0:00:04]} Rf2+ {[%emt 0:02:27]} 32. Ke1 {[%emt 0:00:01]} Rf5 {[%emt 0:01:17]} 33. g4 {[%emt 0:02:11]} Rg5 {[%emt 0:00:56]} 34. Rd3 {[%emt 0:00:33]} Re3 {[%emt 0:01:14]} 35. Bf3 {[%emt 0:00:13]} Rxd3 {[%emt 0:00:17]} 36. cxd3 {[%emt 0:00:01]} Be3 {[%emt 0:00:19]} 37. a4 {[%emt 0:00:32]} Ra5 {[%emt 0:00:53]} 38. Bc6 {[%emt 0:00:06]} Ra6 {[%emt 0:00:16]} 39. Bb5 {[%emt 0:01:14]} Rb6 {[%emt 0:00:32]} 40. Kd1 {[%emt 0:00:00]} c6 {[%emt 0:00:00]} 41. Bc4 {[%emt 0:02:26]} Rb2 {[%emt 0:05:24]} 42. Ng3 {[%emt 0:02:20]} Kf8 {[%emt 0:05:20]} 43. Nf5 {[%emt 0:05:34]} Bb6 {[%emt 0:01:25]} 44. Nd6 {[%emt 0:11:18]} Rf2 {[%emt 0:02:43]} 45. Nc8 {[%emt 0:06:29]} Rg2 {[%emt 0:10:39]} 46. a5 {[%emt 0:04:22]} Be3 {[%emt 0:01:26]} 47. a6 {[%emt 0:01:46]} Rd2+ 48. Ke1 Rc2 {[%emt 0:02:14]} 49. Nd6 {[%emt 0:00:25]} Rxc3 {[%emt 0:00:21]} 50. Ke2 {[%emt 0:00:26]} Bf4 {[%emt 0:00:45]} 51. Nb7 {[%emt 0:01:16]} Bc7 {[%emt 0:00:47]} 52. Kd2 {[%emt 0:00:25]} Ra3 {[%emt 0:00:06]} 53. Ke3 {[%emt 0:00:13]} Ra1 {[%emt 0:00:44]} 54. d4 {[%emt 0:00:46]} Ke7 {[%emt 0:00:43]} 55. Nc5 {[%emt 0:00:18]} Re1+ {[%emt 0:00:56]} 56. Kf3 {[%emt 0:00:43]} Rc1 {[%emt 0:00:54]} 57. Be2 {[%emt 0:00:01]} Bb6 {[%emt 0:00:17]} 58. Nd3 {[%emt 0:00:01]} Rc3 {[%emt 0:00:54]} 59. Ke3 {[%emt 0:00:56]} Kd6 {[%emt 0:00:39]} 60. Ke4 {[%emt 0:00:42]} Rc4 {[%emt 0:00:50]} 61. Ne5 {[%emt 0:00:35]} Rxd4+ {[%emt 0:00:06]} 62. Kf5 {[%emt 0:00:01]} Rd5 {[%emt 0:00:10]} 0-1